00523cam a22002171 4500001001300000003000400013005001700017008004100034010001700075025001900092035002000111040002100131050002000152100003200172245001700204260002500221300001500246500001500261500001200276999001700288sa 67006398 DLC20260227112406.0941010m19621965ii 000 0 telo  asa 67006398  aPL480:I-Te-791 a(OCoLC)31253725 aDLCcCUdCUdDLC00aPL4780.9.J6bN31 aJoshua, Gurram,d1895-1971.10aNà„ katha. c[1962- ; v. 1, 1965] av.c18 cm. aIn Telugu. aA poem. c75914d75914